000 00521nam a22001817a 4500
008 140630b xxu||||| |||| 00| 0 eng d
020 _a9-7804-1546-1993
082 _222 ed.
_a346.05 HUD
100 _aHudson, Alastair
245 _aUnderstanding equity and trusts /
_c Alastair Hudson
250 _a3 ed.
260 _aLondon :
_bRoutledge. Cavendish
_c2008
300 _axix, 221 P . ;
521 _aIncludes Index
650 _aEquity and trusts
650 _aUnderstanding equity and trusts
942 _2ddc
_cBK
999 _c5916
_d5916